ბათუმის შოთა რუსთაველის სახელმწიფო უნივერსიტეტის ბიბლიოთეკა

აჭარის არ სავაჭრო–სამრეწველო პალატასთან არსებული საერთაშორისო არბიტრაჟი"–ს დებულება. (ბიბ.ჩანაწერი № 37634)

000 -ლიდერი
ფიქსირებული სიგრძის საკონტროლო ველი 01731nam a2200229Ia 4500
001 - საკონტროლო ნომერი
საკონტროლო ველი 3606
003 - საკონტროლო ნომრის იდენტიფიკატორი
საკონტროლო ველი GE_BSU
005 - ბოლო ოპერაციის თარიღი და დრო
საკონტროლო ველი 20190422154125.0
008 - ფიქსირებული სიგრძის მონაცემთა ელემენტები - ზოგადი ინფორმაცია
ფიქსირებული სიგრძის საკონტროლო ველი 181216s2010|||| |||||||||||||| ||geo||
040 ## - კატალოგიზაციის წყარო
Transcribing agency GE_BSU
041 ## - ენის კოდი
Language code of text/sound track or separate title geo
080 ## - უნივერსალური ათობითი კლასიფიკაციის ინდექსი
Universal Decimal Classification number 347.918(479.223)(094.1) ა-95
245 ## - ცნობა სათაურის შესახებ
Title აჭარის არ სავაჭრო–სამრეწველო პალატასთან არსებული საერთაშორისო არბიტრაჟი"–ს დებულება.
Remainder of title საარბიტრაჟო სამართალწარმოების ნორმატიული აქტები /
Statement of responsibility, etc დებულების შემდგ. პაატა კოპალეიშვილი. დებულებ. რედ. როსტომ გუნთაიშვილი. პასუხისმგ. რედ. ზვიად გაბისონია.
264 ## - წარმოების, გამოცემის, დისტრიბუციის და სხვა ცნობები
გამოცემის, წარმოების, დისტრიბუციის... ადგილი ბათუმი ;
გამოცემის, წარმოების, დისტრიბუციის... თარიღი 2010
300 ## - ფიზიკური აღწერა
Extent 80 გვ ;
Other physical details 20 სმ.
653 ## - INDEX TERM--UNCONTROLLED
Uncontrolled term აჭარის არ სავაჭრო–სამრეწველო პალატასთან არსებული საერთაშორისო არბიტრაჟი"–ს დებულება.
653 ## - INDEX TERM--UNCONTROLLED
Uncontrolled term სამართალი
700 ## - ADDED ENTRY--PERSONAL NAME
Personal name პაატა კოპალეიშვილი.
Relator term დებულების შემდგენელი
9 (RLIN) 313
700 ## - ADDED ENTRY--PERSONAL NAME
Personal name როსტომ გუნთაიშვილი
Relator term დებულების რედაქტორი
9 (RLIN) 314
700 ## - ADDED ENTRY--PERSONAL NAME
Personal name ზვიად გაბისონია.
Relator term პასუხისმგებელი რედაქორი
9 (RLIN) 315
942 ## - ADDED ENTRY ELEMENTS (KOHA)
Koha item type წიგნი
Source of classification or shelving scheme
ეგზემპლარები
ჩამოწერის სტატუსი დაკარგული ეგზემპლარის სტატუსი კლასიფიკაციის წყარო ან თაროზე გაწყობის სქემა დაზიანების სტატუსი არ გაიცემა მუდმივი მდებარეობა (დაცვის ადგილი) ამჟამინდელი ადგილსამყოფელი თაროზე განთავსების ადგილი შეძენის თარიღი სრული შენახვის შიფრი შტრიხკოდი ბოლო ოპერაციის თარიღი ეგზემპლარის მიმდევრობითი ნომერი (კეტერი?) ფასის ძალაში შესვლის თარიღი ეგზემპლარის სახეობა
          ბათუმის შოთა რუსთაველის სახელმწიფო უნივერსიტეტის მთავარი ბიბლიოთეკა ბათუმის შოთა რუსთაველის სახელმწიფო უნივერსიტეტის მთავარი ბიბლიოთეკა წიგნსაცავი 2018-12-17 347.918(479.223)(094.1) ა-95 5219 2018-12-17 5219 2018-12-17 წიგნი
          ბათუმის შოთა რუსთაველის სახელმწიფო უნივერსიტეტის მთავარი ბიბლიოთეკა ბათუმის შოთა რუსთაველის სახელმწიფო უნივერსიტეტის მთავარი ბიბლიოთეკა წიგნსაცავი 2018-12-17 347.918(479.223)(094.1) ა-95 5220 2018-12-17 5220 2018-12-17 წიგნი
          ბათუმის შოთა რუსთაველის სახელმწიფო უნივერსიტეტის მთავარი ბიბლიოთეკა ბათუმის შოთა რუსთაველის სახელმწიფო უნივერსიტეტის მთავარი ბიბლიოთეკა წიგნსაცავი 2018-12-17 347.918(479.223)(094.1) ა-95 5221 2018-12-17 5221 2018-12-17 წიგნი
          ბათუმის შოთა რუსთაველის სახელმწიფო უნივერსიტეტის მთავარი ბიბლიოთეკა ბათუმის შოთა რუსთაველის სახელმწიფო უნივერსიტეტის მთავარი ბიბლიოთეკა წიგნსაცავი 2018-12-17 347.918(479.223)(094.1) ა-95 5222 2018-12-17 5222 2018-12-17 წიგნი